|
|
|
|
| LEADER |
00000nam0a2200000 4500 |
| 001 |
354907 |
| 005 |
20231102010735.0 |
| 035 |
|
|
|a (RuTPU)RU\TPU\retro\12166
|
| 090 |
|
|
|a 354907
|
| 100 |
|
|
|a 20200629d1973 m y0rusy50 ca
|
| 101 |
1 |
|
|a eng
|c rus
|
| 102 |
|
|
|a RU
|
| 105 |
|
|
|a a j 001zy
|
| 200 |
1 |
|
|a Технология машиностроения
|e учебник для вузов
|f В. В. Данилевский
|g пер. Н. Вайнштейна
|
| 210 |
|
|
|a Москва
|c Мир
|d 1973
|
| 215 |
|
|
|a 554 с.
|c ил.
|
| 300 |
|
|
|a На англ. яз.
|
| 320 |
|
|
|a Алф.-предм. указ.: с. 545-550
|
| 606 |
1 |
|
|a Технология машиностроения
|2 stltpush
|3 (RuTPU)RU\TPU\subj\60151
|9 77640
|
| 610 |
1 |
|
|a учебники
|
| 610 |
1 |
|
|a технологические процессы
|
| 610 |
1 |
|
|a проектирование
|
| 610 |
1 |
|
|a поверхности
|
| 610 |
1 |
|
|a обработка
|
| 610 |
1 |
|
|a детали машин
|
| 610 |
1 |
|
|a сборка
|
| 610 |
1 |
|
|a точность
|
| 610 |
1 |
|
|a качество
|
| 610 |
1 |
|
|a револьверные станки
|
| 610 |
1 |
|
|a карусельные станки
|
| 610 |
1 |
|
|a приспособления
|
| 610 |
1 |
|
|a английский язык
|
| 675 |
|
|
|a 621.002(075.8)
|v 4
|
| 700 |
|
1 |
|a Данилевский
|b В. В.
|g Владимир Викторович
|
| 702 |
|
1 |
|a Вайнштейн
|b Н.
|4 730
|
| 801 |
|
1 |
|a RU
|b 63413507
|c 20200629
|
| 801 |
|
2 |
|a RU
|b 63413507
|c 20210121
|g RCR
|
| 942 |
|
|
|c BK
|